Punk Bands By Synonym - Statistics

General Stats
  • This quiz has been taken 145 times
  • The average score is 6 of 20
Answer Stats
Hint Answer % Correct
Intercourse Guns The Sex Pistols
88%
Ebony Banner Black Flag
69%
Manhattan Barbies New York Dolls
64%
Negative Faith Bad Religion
58%
The Marmalade The Jam
55%
Swimsuit Murder Bikini Kill
46%
Skittles for Stew Bowling for Soup
37%
The Dissonance The Clash
37%
Underage Danger Minor Threat
32%
The Asphyxiators The Stranglers
29%
Surgery Creeper Operation Ivy
16%
Stale Rancid
16%
Shouting Stoat Screeching Weasel
16%
Hedgehog Bang VI Sonic Boom Six
11%
Cat Fracas Pussy Riot
10%
Auctioning MDMA Flogging Molly
8%
Flower Separation Pansy Division
2%
Burger Craftsperson Patti Smith
2%
Fraudulent Oral Sex Sham 69
2%
Amazing Sublime
1%
No matching quizzes found
Score Distribution
Percent of People with Each Score
Percentile by Number Answered
Your Score History
You have not taken this quiz